Statistics for Sports Teams Named for Birds

Click here to take the quiz!

General Stats

  • This quiz has been taken 2,149 times
    (852 since last reset)
  • The average score is 20 of 33

Answer Stats

Answer% Correct
Arizona Cardinals
94%
Ball State Cardinals
94%
Louisville Cardinals
94%
St. Louis Cardinals
94%
Boston College Eagles
91%
Eastern Michigan Eagles
91%
Eastern Washington Eagles
91%
Philadelphia Eagles
91%
Air Force Falcons
87%
Atlanta Falcons
87%
Atlanta Hawks
87%
Bowling Green Falcons
87%
Creighton Blue Jays
83%
Seattle Seahawks
83%
Toronto Blue Jays
83%
Baltimore Ravens
80%
Baltimore Orioles
71%
New Orleans Pelicans
66%
Anaheim Ducks
62%
Oregon Ducks
62%
Pittsburgh Penguins
55%
Chicago Blackhawks
43%
Kansas Jayhawks
32%
Florida Atlantic Owls
26%
Rice Owls
26%
Temple Owls
26%
South Carolina Gamecocks
24%
Marquette Golden Eagles
20%
Miami (OH) RedHawks
20%
Seattle Redhawks
20%
Southern Miss Golden Eagles
20%
UTSA Roadrunners
11%
Louisiana-Monroe Warhawks
8%

Score Distribution

Percentile by Number Answered

Percent of People with Each Score

Your Score History

You have not taken this quiz since the last reset